LEADER 01253nam a2200337 i 4500 001 991001082899707536 005 20020507182940.0 008 940218s1987 de b |01 0 eng d 020 $a3540178821 035 $ab10798535-39ule_inst 035 $aLE01306762$9ExL 040 $aDip.to Matematica$beng 082 0 $a519.287 084 $aAMS 60F17 084 $aLC QA274.5.J33 100 1 $aJacod, Jean$065711 245 10$aLimit theorems for stochastic processes /$cJean Jacod, Albert N. Shiryaev 260 $aBerlin :$bSpringer,$cc1987 300 $axvii, 600 p. :$bill. ;$c24 cm 490 0 $aGrundlehren der mathematischen Wissenschaften = A series of comprehensive studies in mathematics,$x0072-7830 ;$v288 500 $aBibliography: p. [583]-592 500 $aIncludes indexes 650 0$aLimit theorems 650 0$aSemimartingales (Mathematics) 700 1 $aShiryaev, Albert Nikolaevich 907 $a.b10798535$b23-02-17$c28-06-02 912 $a991001082899707536 945 $aLE013 60F JAC11 (1987)$g1$i2013000031101$lle013$o-$pE0.00$q-$rl$s- $t0$u1$v0$w1$x0$y.i10902193$z28-06-02 996 $aLimit theorems for stochastic processes$9254009 997 $aUNISALENTO 998 $ale013$b01-01-94$cm$da $e-$feng$gde $h0$i1 LEADER 01628nam 2200385 450 001 9910131160403321 005 20240207154041.0 010 $a1-55441-829-1 035 $a(CKB)3680000000167654 035 $a(NjHacI)993680000000167654 035 $a(EXLCZ)993680000000167654 100 $a20240207d2005 uy 0 101 0 $afre 135 $aur||||||||||| 181 $ctxt$2rdacontent 182 $cc$2rdamedia 183 $acr$2rdacarrier 200 10$aAnthropologie sociale et paysannerie que?be?coise /$fYvan Breton 210 1$aChicoutimi :$cJ.-M. Tremblay,$d2005. 215 $a1 online resource 225 1 $aClassiques des sciences sociales 327 $aIntroduction -- -- 1. Les paysans en termes anthropologiques -- -- 2. La paysannerie que?be?coise: sa spe?cificite? -- -- 3. Quelques voies de recherche -- -- Conclusion -- -- Bibliographie -- -- Figure 17.1 Ferme laitie?re, comte? de Bellechasse (Projet Bellechasse, Universite? Laval) -- -- Figure 17.2 Troupeau de vaches laitie?res, comte? de Bellechasse. (Projet Bellechasse, Universite? Laval) -- -- Figure 17.3 Terre a? bois, comte? de Bellechasse. (Projet Bellechasse, Universite? Laval). 410 0$aClassiques des sciences sociales. 606 $aEthnology$vPeriodicals 606 $aEthnology$xResearch 615 0$aEthnology 615 0$aEthnology$xResearch. 676 $a306 700 $aBreton$b Yvan$0867922 801 0$bNjHacI 801 1$bNjHacl 906 $aBOOK 912 $a9910131160403321 996 $aAnthropologie sociale et paysannerie québécoise$91937474 997 $aUNINA